=LDR 00000nam 2200000 4500 =001 INLIS000000000037971 =005 20130612143655 =008 ***********************************ind** =035 ##$$0010-061300000037971 =041 ##$$a ind =082 ##$$a 636.085 =100 ##$$a Guntoro, Suprio =245 ##$$a membuat pakan ternak dari limbah perkebunan =260 ##$$a jakarta $b agramedia pustaka =300 ##$$a 75 hlm, ilus =850 ##$$a NBPNMAT =990 ##$$a 0284/BPAP-NTB/2015 =990 ##$$a 21105147 =990 ##$$a 21105142 =990 ##$$a 21105143 =990 ##$$a 21105144 =990 ##$$a 21105146 =990 ##$$a 21105145 =990 ##$$a 21105142 =990 ##$$a 21105143 =990 ##$$a 21105144 =990 ##$$a 21105147